01469cam a22003617a 4500003000500000005001700005008004100022010001000063011001000073035001100083040000900094090001000103100003700113245015300150260004100303300001100344502007100355590003700426590004100463590004100504590004100545590004200586650003200628650002200660901000700682905001000689942000900699949005100708949006300759999001700822952014000839952012800979CHAP20220329143040.0051024d2005 mx r 00110 spa d a91200 a92172 a102735 cCHAP aTesis00aLara Villalobos, Araceli.96487910aIntroducción al cultivo de Galphimia glauca cav. (Malphigiaceae) y observaciones clínicas en pacientes voluntariosc/por Araceli Lara Villalobos aChapingo, Méx. :bEl autor,c2005. a121 h. aTesis (M. C. en Horticultura) - - UACH. Departamento de Fitotecnia aALEPHb10c20130110lUCH01h1507 aBATCH-UPDb10c20130110lUCH01h0728 aBATCH-UPDb10c20130410lUCH01h0411 aBATCH-UPDb10c20130914lUCH01h0742 aCONVERSIONb10c20130109lUCH01h135014aBotánica médica.91468014aMalpighia.970199 aBK aLilia cFOLL aTesisbBCcTESd1027351eTS1h44249i102735sb aTesisbBCcTESd33724000965620eTS2fc.2h44250i102735sb c91200d91200 00102local4053708TESISaBCbBCcPA_TESISd2019-12-31fTESISl0oTesisp33724000965620r2019-12-31 00:00:00tc.2w2019-12-31yTESIS 00102local4051708TESISaBCbBCcPA_TESISd2019-12-31fTESISl0oTesisp1027351r2019-12-31 00:00:00w2019-12-31yTESIS